00279cam a2200109ua 4500041001000000082001900010100001700029245006900046260003800115300001100153504000500164 aengh a822.09bMUL/SH aMullik, B.R. aShakespear`s Twe if the night / cB R Mullik.hTextual Documents aDelhi : bS Chand & Co , c1966. a54 ; . a